Apuntaciones de viaje en 1849 (Record no. 5283)
[ view plain ]
| 000 -CABECERA | |
|---|---|
| campo de control de longitud fija | 00921nam a2200265 a 4500 |
| 001 - NÚMERO DE CONTROL | |
| campo de control | BRCA_5589 |
| 005 - FECHA Y HORA DE LA ÚLTIMA TRANSACCIÓN | |
| campo de control | 20190320205137.0 |
| 008 - DATOS DE LONGITUD FIJA--INFORMACIÓN GENERAL | |
| campo de control de longitud fija | 210211s1919----mx-a######---#000-0#spa-# |
| 041 ## - CÓDIGO DE LENGUA | |
| Código de lengua del texto/banda sonora o título independiente | spa |
| 044 ## - CÓDIGO DEL PAÍS DE LA ENTIDAD EDITORA/PRODUCTORA | |
| Código MARC del país | mx |
| 050 #4 - SIGNATURA TOPOGRÁFICA DE LA BIBLIOTECA DEL CONGRESO | |
| Número de clasificación | DA630 |
| Número de documento/Ítem | .R66 1919 |
| 100 1# - ENTRADA PRINCIPAL--NOMBRE DE PERSONA | |
| Nombre de persona | Romero de Terreros, Juan |
| 9 (RLIN) | 14245 |
| 245 10 - MENCIÓN DE TÍTULO | |
| Título | Apuntaciones de viaje en 1849 |
| Mención de responsabilidad, etc. | Juan Romero de Terreros ; publicadas por el Marqués de San Francisco. |
| 260 ## - PUBLICACIÓN, DISTRIBUCIÓN, ETC. | |
| Lugar de publicación, distribución, etc. | México |
| Nombre del editor, distribuidor, etc. | Pedro Robredo |
| Fecha de publicación, distribución, etc. | 1919 |
| 300 ## - DESCRIPCIÓN FÍSICA | |
| Extensión | 36 p. |
| Otras características físicas | il., retratos |
| Dimensiones | 24 cm. |
| 500 ## - NOTA GENERAL | |
| Nota general | Incluye un retrato de Juan Romero de Terreros |
| 500 ## - NOTA GENERAL | |
| Nota general | Cuenta con la firma del editor |
| 500 ## - NOTA GENERAL | |
| Nota general | Ejemplar numerado 82 de 100 |
| 500 ## - NOTA GENERAL | |
| Nota general | F65 |
| 651 #4 - PUNTO DE ACCESO ADICIONAL DE MATERIA--NOMBRE GEOGRÁFICO | |
| Nombre geográfico | Inglaterra |
| Subdivisión general | Descripción y viajes |
| 9 (RLIN) | 8232 |
| 651 #4 - PUNTO DE ACCESO ADICIONAL DE MATERIA--NOMBRE GEOGRÁFICO | |
| Nombre geográfico | Estados Unidos |
| Subdivisión general | Descripción y viajes |
| 9 (RLIN) | 14246 |
| 700 1# - PUNTO DE ACCESO ADICIONAL--NOMBRE DE PERSONA | |
| Nombre de persona | Romero de Terreros y Vinent, Manuel |
| Títulos y otros términos asociados al nombre | Marqués de San Francisco |
| Fechas asociadas al nombre | 1880-1968 |
| Término indicativo de función/relación | Editor |
| 9 (RLIN) | 903 |
| 902 ## - CATALOGADOR | |
| Iniciales | GFM |
| 942 ## - ELEMENTOS DE PUNTO DE ACCESO ADICIONAL (KOHA) | |
| Fuente del sistema de clasificación o colocación | Library of Congress Classification |
| Tipo de ítem Koha | Libros |
| Estado de retiro | Estado de pérdida | Estado dañado | No para préstamo | Localización permanente | Ubicación/localización actual | Fecha de adquisición | Número de inventario | Total de préstamos | Signatura topográfica completa | Código de barras | Fecha visto por última vez | Precio válido a partir de | Tipo de ítem Koha |
|---|---|---|---|---|---|---|---|---|---|---|---|---|---|
| El ejemplar forma parte de la colección y puede ser consultado según las políticas vigentes. | Biblioteca del Museo Franz Mayer (Rogerio Casas-Alatriste) | Biblioteca del Museo Franz Mayer (Rogerio Casas-Alatriste) | 14/02/2011 | F65 | DA630 .R66 1919 (F65) | 6025 | 22/03/2019 | 22/03/2019 | Libros |